[Event "GER-ch U14"]
[Site "Willingen"]
[Date "2016.05.17"]
[Round "4"]
[White "Biermann, Lenhard"]
[Black "Rauch, Arwid"]
[Result "1-0"]
[WhiteElo "1813"]
[BlackElo "1440"]
[PlyCount "119"]
[EventDate "2016.05.15"]
[EventType "swiss"]
[EventRounds "9"]
[EventCountry "GER"]
[SourceTitle "CBM 172 Extra"]
[Source "ChessBase"]
[SourceDate "2016.06.21"]
[SourceVersion "1"]
[SourceVersionDate "2016.06.21"]
[SourceQuality "1"]

1. d4 d5 2. c4 c6 3. Nf3 Nf6 4. g3 Bf5 5. Bg2 e6 6. 0-0 Nbd7 7. Nc3 Be7 8. Bf4 0-0 9. Ne5 Nxe5 10. Bxe5 Nd7 11. Bf4 Nf6 12. Rc1 Bd6 13. Bxd6 Qxd6 14. Qb3 Qd7 15. Rfd1 Rfe8 16. e3 Rad8 17. Qa3 b6 18. cxd5 cxd5 19. Bf1 Qe7 20. Qa4 Bg4 21. Re1 Rb8 22. Nb5 Rb7 23. Rc2 Bf5 24. Rc6 Rd8 25. Rec1 h6 26. Qa6 Ne8 27. Rc8 Rbd7 28. Rxd8 Rxd8 29. Qxa7 Qxa7 30. Nxa7 Ra8 31. Rc8 Rxa7 32. Rxe8+ Kh7 33. a3 Rb7 34. Rc8 e5 35. Rc3 e4 36. h3 Be6 37. Kg2 Kg6 38. Bb5 Kf6 39. g4 g5 40. a4 Ke7 41. Kf1 Kd6 42. Rc6+ Ke7 43. Ke2 f6 44. Ba6 Rb8 45. Rc7+ Bd7 46. Bb5 Rd8 47. Kd2 Kd6 48. Rxd7+ Rxd7 49. Bxd7 Kxd7 50. Kc3 Kc7 51. Kb4 Kc6 52. b3 Kc7 53. Kb5 Kb7 54. b4 Kc7 55. a5 bxa5 56. bxa5 Kb7 57. Kc5 Ka6 58. Kxd5 Kxa5 59. Kxe4 Kb6 60. Kf5 1-0

[Event "GER-ch U14"]
[Site "Willingen"]
[Date "2016.05.15"]
[Round "1"]
[White "Rauch, Arwid"]
[Black "Biermann, Florian"]
[Result "0-1"]
[WhiteElo "1440"]
[BlackElo "1902"]
[PlyCount "78"]
[EventDate "2016.05.15"]
[EventType "swiss"]
[EventRounds "9"]
[EventCountry "GER"]
[SourceTitle "CBM 172 Extra"]
[Source "ChessBase"]
[SourceDate "2016.06.21"]
[SourceVersion "1"]
[SourceVersionDate "2016.06.21"]
[SourceQuality "1"]

1. e4 c5 2. Nf3 e6 3. d4 cxd4 4. Nxd4 a6 5. c4 Nf6 6. Nc3 Qc7 7. Be3 Bb4 8. f3 0-0 9. Be2 d5 10. Qd3 e5 11. Nc2 Bxc3+ 12. bxc3 dxe4 13. Qd1 Rd8 14. Qc1 Be6 15. Rb1 Nbd7 16. Na3 Rac8 17. 0-0 Nc5 18. fxe4 Nfxe4 19. Bf3 Qe7 20. Qc2 Bf5 21. Qb2 Rd3 22. Bxe4 Bxe4 23. Rbe1 f5 24. Kh1 Rd6 25. Bxc5 Rxc5 26. Qf2 Qg5 27. Rxe4 Ra5 28. c5 Rd2 29. Qf3 Rxa3 30. Rxe5 Rxc3 31. Re8+ Kf7 32. Qxb7+ Kxe8 33. Qc8+ Rd8 34. Qe6+ Qe7 35. Qg8+ Kd7 36. Rd1+ Kc8 37. Rxd8+ Qxd8 38. Qe6+ Kb8 39. Qe5+ Ka8 0-1